00535nam a2200169Ia 4500100002600000650002200026942000700048366000900055654001200064245003600076260002800112082002000140300000800160546001200168999001700180952016800197 aHill/F.S/ Kelley/S.M  aComputer graphics cBK f17.5 aopen GL aComputer graphics using open GL bPearson Educationc2007 a006.6/HILLbHIL a786 aENGLISH c18270d18270 001040708CRCaCRCEbCRCEd2023-03-17eEducational books and periodicalsg391.88i258 dt 27/04/2009l0o006.6/HILL HILp19562r2023-03-17v475.00w0000-00-00yBK